| 000 | 01117cam a2200325 a 4500 | ||
|---|---|---|---|
| 001 | 12223355 | ||
| 003 | ARRUPE | ||
| 005 | 20220511094706.0 | ||
| 008 | 000330m20009999enkab b 001 0beng | ||
| 010 | _a 00421358 | ||
| 020 | _a0316644692 | ||
| 035 | _a(UkLWHE)b000056407 | ||
| 040 |
_aDLC _cDLC _dDLC |
||
| 042 | _apcc | ||
| 043 | _ae-fr--- | ||
| 050 | 0 | 0 |
_aDC203 _b.A83 2000 |
| 082 | 0 | 0 |
_a944.05/092 _aB _221 |
| 100 | 1 |
_aAsprey, Robert B. _951552 |
|
| 245 | 1 | 4 |
_aThe rise and fall of Napoleon Bonaparte. / _cRobert B. Asprey. |
| 260 |
_aLondon : _bLittle, Brown and Co., _c2000- |
||
| 300 |
_axiv, 580p. : _bill., maps ; _c24 cm. |
||
| 504 | _aIncludes bibliographical references and index. | ||
| 505 | 1 | _av. 1. The rise | |
| 600 | 0 | 0 |
_aNapoleon _bI, _cEmperor of the French, _d1769-1821. _919196 |
| 650 | 0 |
_aEmperors _zFrance _vBiography. _951553 |
|
| 651 | 0 |
_aFrance _xHistory _y1789-1815. _929532 |
|
| 906 |
_a7 _bcbc _corigres _d2 _encip _f20 _gy-gencatlg |
||
| 942 |
_2lcc _cMONOGRAPH |
||
| 999 |
_c131415 _d131415 |
||